LIBRARY ONLINE CATALOGUE

Strategic management : (Record no. 12088)

MARC details
000 -LEADER
fixed length control field 00727cam a22002292 4500
001 - CONTROL NUMBER
control field 0000019223
005 - DATE AND TIME OF LATEST TRANSACTION
control field 20151217155224.0
008 - FIXED-LENGTH DATA ELEMENTS--GENERAL INFORMATION
fixed length control field 101021s xx 000 0 eng d
020 ## - INTERNATIONAL STANDARD BOOK NUMBER
International Standard Book Number 0071288514 :
040 ## - CATALOGING SOURCE
Original cataloging agency KABU
Transcribing agency KABU
100 1# - MAIN ENTRY--PERSONAL NAME
Personal name Dess, Gregory G.
-- 0000178872
245 10 - TITLE STATEMENT
Title Strategic management :
Remainder of title text and cases /
Statement of responsibility, etc. Gregory G. Dess, G. T. Lumpkin, Alan B. Eisner.
250 ## - EDITION STATEMENT
Edition statement 4th ed.
260 ## - PUBLICATION, DISTRIBUTION, ETC. (IMPRINT)
Place of publication, distribution, etc. Boston :
Name of publisher, distributor, etc. McGraw-Hill,
Date of publication, distribution, etc. 2008.
300 ## - PHYSICAL DESCRIPTION
Extent 1 v. (various pagings) ;
650 #0 - SUBJECT ADDED ENTRY--TOPICAL TERM
Topical term or geographic name as entry element Strategic planning.
-- 0000150576
700 1# - ADDED ENTRY--PERSONAL NAME
Personal name Lumpkin, G. T.
-- 0000178873
700 1# - ADDED ENTRY--PERSONAL NAME
Personal name Eisner, Alan B.
-- 0000178874
852 1# - LOCATION
-- p1755 KES
908 ## - PUT COMMAND PARAMETER (RLIN)
Put command parameter 101021
950 ## - LOCAL HOLDINGS (RLIN)
-- 1
Holdings
Withdrawn status Lost status Source of classification or shelving scheme Not for loan Home library Current library Date acquired Total Checkouts Full call number Barcode Date last seen Price effective from Koha item type
    Library of Congress Classification   Kabarak, Main Campus Kabarak, Main Campus 17/12/2015   HD30.28 .D47 2008 c. 1 23776 02/08/2024 17/12/2015 General Collection